000 00526nam a2200193Ia 4500
003 OSt
005 20220926040952.0
006 a|||||r|||| 00| 0
007 ta
008 220923b |||||||| |||| 00| 0 eng d
037 _cGeneral Book
040 _aRTL
_cRTL
_beng
041 _2eng
_aeng
082 _aXt1:N27, F8
100 _aLeague of nations
_910771
245 0 _aReport of the economic consultative commitee on it
942 _hXt1:N27, F8
_cGB
_2CC
999 _c666092
_d666092